000 00786cab a2200241 4500
001 WB3207-25
008 090401t1996 xxu||||| |||| 00| 0 eng d
035 _a(Sirsi) u27949
041 _aeng
245 _aRelocation grants
260 _c1996
350 _a0
490 _aDoE News Release
_v(062) 7 February 1996, (1)
520 _aAnnounces a DoE report on grants to help home owners affected by house clearance to buy a new home in their local area: "Home owners and clearance: an evaluation of rebuilding grants".
650 _aCLEARANCE AREAS
650 _aHOUSING GRANTS CONSTRUCTION AND REGENERATION BILL
650 _aREBUILDING GRANTS
650 _aRELOCATION GRANTS
650 _aURBAN REGENERATION
690 _aHOUSING
942 _n0
948 _c04/03/1997
999 _c18843
_d18843